000 00791nam a2200241Ia 4500
008 191130s2007##################000#0#eng##
020 _a9788131721087
040 _aACL
_cACL
082 _a330.0151927 HOL
100 _aHolt, Charles A
245 _aMarkets, games, & strategic behavior
_cCharles A. Holt
260 _aNew Delhi
_bPearson Education
_cc2007
300 _axviii, 462, 79 p. : ill. ; 24 cm
500 _aIncludes bibliographical references (p. 433-450) and index
650 _aEconomics - Psychological aspects
650 _aEconomics - Study and teaching (Graduate) - Simulation methods
650 _aGame theory
650 _aMarkets
650 _aNegotiation in business
990 _a5b44b092ac10000c1e8bc62369a3d208
991 _a411151
999 _c274816
_d274816